[Event "Collado Villalba Grupo Gallinero op 1st"]
[Site "Collado Villalba"]
[Date "2022.08.12"]
[Round "1"]
[White "Moreno Torrero, Javier"]
[Black "Toribio Camunas, Silvia"]
[Result "1/2-1/2"]
[WhiteElo "1942"]
[BlackElo "1437"]
[PlyCount "81"]
[EventDate "2022.08.12"]
[EventType "swiss"]
[EventRounds "9"]
[EventCountry "ESP"]
[SourceTitle "CBM 210 Extra"]
[Source "ChessBase"]
[SourceDate "2022.11.30"]
[SourceVersion "1"]
[SourceVersionDate "2022.11.30"]
[SourceQuality "1"]

1. d4 d5 2. c4 e6 3. Nc3 Nf6 4. Bg5 Be7 5. Nf3 0-0 6. e3 b6 7. cxd5 exd5 8. Bd3 Nbd7 9. 0-0 Bb7 10. Rc1 c6 11. Qe2 h6 12. Bf4 Re8 13. h3 Nf8 14. Ne5 Bd6 15. Ba6 Bxa6 16. Qxa6 Qc8 17. Qd3 c5 18. Bh2 c4 19. Qe2 Qa6 20. e4 dxe4 21. Qxc4 Qxc4 22. Nxc4 Bxh2+ 23. Kxh2 Rad8 24. Rcd1 Nd5 25. Nxd5 Rxd5 26. Ne3 Rb5 27. Rd2 Rd8 28. b3 f5 29. g3 Ne6 30. Rfd1 Ng5 31. Kg2 Nf3 32. Rc2 Rxd4 33. Rxd4 Nxd4 34. Rd2 Nc6 35. Nc4 Rc5 36. Rd7 b5 37. Ne3 a5 38. Rc7 b4 39. Nxf5 Rxf5 40. Rxc6 Re5 41. Rc2 1/2-1/2

[Event "Madrid-ch sf"]
[Site "Madrid"]
[Date "2022.05.09"]
[Round "6"]
[White "Baeza Escudero, Javier"]
[Black "Moreno Torrero, Javier"]
[Result "1-0"]
[WhiteElo "1874"]
[BlackElo "1948"]
[PlyCount "103"]
[EventDate "2022.05.04"]
[EventType "swiss"]
[EventRounds "9"]
[EventCountry "ESP"]
[SourceTitle "EXT 2023"]
[Source "ChessBase"]
[SourceDate "2022.10.05"]
[SourceVersion "1"]
[SourceVersionDate "2022.10.05"]
[SourceQuality "1"]

1. e4 c5 2. Nf3 Nc6 3. d4 cxd4 4. Nxd4 e6 5. Nc3 Nf6 6. Ndb5 Bb4 7. a3 Bxc3+ 8. Nxc3 d5 9. Bd3 d4 10. Ne2 e5 11. 0-0 0-0 12. h3 Re8 13. Ng3 a6 14. f4 exf4 15. Bxf4 h6 16. Qd2 Ne5 17. Qf2 Nxd3 18. cxd3 Nh7 19. Rac1 Be6 20. Ne2 Rc8 21. Nxd4 Qd7 22. Bd2 Nf8 23. Rxc8 Rxc8 24. Bc3 Ng6 25. Qg3 Kh7 26. Nf5 f6 27. d4 Bxf5 28. Rxf5 Re8 29. Qd3 Qe6 30. e5 fxe5 31. Rxe5 Qd7 32. Rxe8 Qxe8 33. d5 Kh8 34. d6 Nf8 35. Qd4 Qd7 36. Qf4 Kg8 37. Qe5 Ng6 38. Qd4 Nf8 39. Qd5+ Ne6 40. Be5 Kf7 41. Qf3+ Ke8 42. Qf5 Kd8 43. Qh7 Qf7 44. Qh8+ Kd7 45. Qb8 Kc6 46. Qc8+ Kd5 47. Bg3 Nc5 48. b4 Ne6 49. d7 b5 50. d8Q+ Nxd8 51. Qxd8+ Kc4 52. Qc7+ 1-0

[Event "Madrid-ch sf"]
[Site "Madrid"]
[Date "2022.05.05"]
[Round "2"]
[White "Moreno Torrero, Javier"]
[Black "De la Puerta Cresis, Javier"]
[Result "0-1"]
[WhiteElo "1948"]
[BlackElo "2128"]
[PlyCount "78"]
[EventDate "2022.05.04"]
[EventType "swiss"]
[EventRounds "9"]
[EventCountry "ESP"]
[SourceTitle "EXT 2023"]
[Source "ChessBase"]
[SourceDate "2022.10.05"]
[SourceVersion "1"]
[SourceVersionDate "2022.10.05"]
[SourceQuality "1"]

1. d4 Nf6 2. c4 g6 3. Nc3 Bg7 4. e4 d6 5. f3 0-0 6. Be3 a6 7. Qd2 Nc6 8. Nge2 Na5 9. Ng3 Nd7 10. Bh6 c5 11. Bxg7 Kxg7 12. h4 h6 13. h5 Rh8 14. dxc5 dxc5 15. 0-0-0 Nc6 16. hxg6 fxg6 17. f4 Nf6 18. Qxd8 Rxd8 19. Rxd8 Nxd8 20. e5 Ng4 21. Nd5 Nc6 22. Nb6 Rb8 23. Nxc8 Rxc8 24. Be2 Ne3 25. Kd2 Nxg2 26. Nh5+ Kf7 27. e6+ Kf8 28. Bf3 Rd8+ 29. Kc3 Ne3 30. Ng3 Kg7 31. Bxc6 bxc6 32. Ne4 Rd4 33. Nd2 Rxf4 34. Kd3 Ng4 35. Re1 Rd4+ 36. Kc3 Nf6 37. Re5 h5 38. Nf3 Re4 39. Kd3 Rf4 0-1

[Event "Madrid-ch Seniors 50"]
[Site "Madrid"]
[Date "2022.03.31"]
[Round "4"]
[White "Moreno Torrero, Javier"]
[Black "Fernandez Garcia, Ignacio"]
[Result "1-0"]
[WhiteElo "1952"]
[BlackElo "1844"]
[PlyCount "103"]
[EventDate "2022.03.28"]
[EventType "swiss"]
[EventRounds "9"]
[EventCountry "ESP"]
[SourceTitle "EXT 2023"]
[Source "ChessBase"]
[SourceDate "2022.10.05"]
[SourceVersion "1"]
[SourceVersionDate "2022.10.05"]
[SourceQuality "1"]

1. d4 Nf6 2. c4 c6 3. Nc3 d6 4. e4 g6 5. f3 Bg7 6. Be3 Nbd7 7. Nge2 e5 8. Qd2 exd4 9. Nxd4 Ne5 10. 0-0-0 0-0 11. Be2 Qc7 12. Kb1 Rd8 13. Bg5 a6 14. Nb3 Be6 15. Rc1 Bxc4 16. Bxc4 Nxc4 17. Qd4 Ne5 18. Bxf6 Bxf6 19. Nd5 Nd7 20. Nxf6+ Nxf6 21. Qxf6 Re8 22. h4 Re6 23. Qc3 Re5 24. g4 h5 25. f4 Rb5 26. gxh5 Rxh5 27. f5 Kh7 28. Qf6 Rg8 29. Rcg1 d5 30. fxg6+ Rxg6 31. Rxg6 fxg6 32. exd5 Rxd5 33. Re1 Rd7 34. Rg1 Rd6 35. Qg5 Qd7 36. a3 Qf7 37. Re1 Rd7 38. Nc5 Rc7 39. Ne4 Qf5 40. Qxf5 gxf5 41. Nd6 Kg6 42. Rf1 Rh7 43. Nxf5 c5 44. Kc2 b5 45. b3 a5 46. Nd6 a4 47. bxa4 bxa4 48. Rf4 Rd7 49. Nb5 Rb7 50. Nc3 Ra7 51. Nxa4 Re7 52. Nxc5 1-0

[Event "Madrid-ch Previa-A"]
[Site "Madrid"]
[Date "2022.03.15"]
[Round "5"]
[White "Moreno Torrero, Javier"]
[Black "De Dompablo Fantova, Juan"]
[Result "1-0"]
[WhiteElo "1952"]
[BlackElo "1670"]
[PlyCount "53"]
[EventDate "2022.03.07"]
[EventType "swiss"]
[EventRounds "9"]
[EventCountry "ESP"]
[SourceTitle "EXT 2023"]
[Source "ChessBase"]
[SourceDate "2022.10.05"]
[SourceVersion "1"]
[SourceVersionDate "2022.10.05"]
[SourceQuality "1"]

1. d4 d5 2. c4 dxc4 3. e3 Nf6 4. Bxc4 e6 5. Nc3 c5 6. Nf3 a6 7. a4 Nc6 8. 0-0 Qc7 9. Qe2 Be7 10. Rd1 0-0 11. h3 b6 12. d5 exd5 13. Nxd5 Nxd5 14. Bxd5 Bb7 15. e4 Nb4 16. Bxb7 Qxb7 17. Ne5 Rad8 18. Bf4 Bf6 19. Nc4 Bd4 20. Nd6 Qc6 21. Nf5 Qf6 22. Qg4 Bxb2 23. Bg5 Rxd1+ 24. Rxd1 Qe6 25. Rd6 Qa2 26. Nxg7 Bxg7 27. Bf6 1-0

[Event "Madrid-ch Previa-B"]
[Site "Madrid"]
[Date "2020.02.29"]
[Round "9"]
[White "Moreno Torrero, Javier"]
[Black "Andrade Sandoval, Bianca"]
[Result "1/2-1/2"]
[WhiteElo "1918"]
[BlackElo "1966"]
[PlyCount "28"]
[EventDate "2020.02.06"]
[EventType "swiss"]
[EventRounds "9"]
[EventCountry "ESP"]
[SourceTitle "CBM 195 Extra"]
[Source "ChessBase"]
[SourceDate "2020.05.31"]
[SourceVersion "1"]
[SourceVersionDate "2020.05.31"]
[SourceQuality "1"]

1. e4 c5 2. Nf3 e6 3. d4 cxd4 4. Nxd4 a6 5. Nc3 Qc7 6. Be3 Nf6 7. Bd3 b5 8. 0-0 Bb7 9. f3 Bc5 10. Qd2 0-0 11. Nb3 Bxe3+ 12. Qxe3 d6 13. Rae1 Nbd7 14. g4 h6 1/2-1/2

[Event "Madrid-ch Previa-B"]
[Site "Madrid"]
[Date "2020.02.21"]
[Round "6"]
[White "Moreno Torrero, Javier"]
[Black "Marin Aso, Jose Luis"]
[Result "0-1"]
[WhiteElo "1918"]
[BlackElo "1906"]
[PlyCount "94"]
[EventDate "2020.02.06"]
[EventType "swiss"]
[EventRounds "9"]
[EventCountry "ESP"]
[SourceTitle "CBM 195 Extra"]
[Source "ChessBase"]
[SourceDate "2020.05.31"]
[SourceVersion "1"]
[SourceVersionDate "2020.05.31"]
[SourceQuality "1"]

1. e4 c5 2. Nf3 Nc6 3. d4 cxd4 4. Nxd4 e5 5. Nb5 d6 6. N1c3 a6 7. Na3 Be7 8. Nd5 Nf6 9. Nxe7 Nxe7 10. Bd3 d5 11. exd5 Nexd5 12. 0-0 0-0 13. Re1 Re8 14. Bg5 h6 15. Bxf6 Qxf6 16. Bxa6 bxa6 17. Qxd5 Rb8 18. b3 Bb7 19. Qd3 Rbd8 20. Qg3 Qf5 21. Nc4 Qxc2 22. Nxe5 Re6 23. Qf4 Rf6 24. Qg3 Re6 25. h4 Qf5 26. Rac1 Be4 27. Rc5 Rd5 28. Rc8+ Kh7 29. Rxe4 Rdxe5 30. Rxe5 Rxe5 31. Rc1 Re4 32. a4 a5 33. f3 Re3 34. Qb8 Qf6 35. Qb5 Re5 36. Qc4 Qe7 37. Qd3+ g6 38. Rc4 Re1+ 39. Kf2 Rh1 40. Re4 Qa7+ 41. Qd4 Qc7 42. Re8 g5 43. Qh8+ Kg6 44. Rg8+ Kf5 45. g4+ Ke6 46. Re8+ Kd7 47. Qe5 Qc2+ 0-1

[Event "Madrid-ch Previa-B"]
[Site "Madrid"]
[Date "2020.02.06"]
[Round "1"]
[White "Vinas Blasco, Jorge"]
[Black "Moreno Torrero, Javier"]
[Result "1/2-1/2"]
[WhiteElo "1596"]
[BlackElo "1918"]
[PlyCount "98"]
[EventDate "2020.02.06"]
[EventType "swiss"]
[EventRounds "9"]
[EventCountry "ESP"]
[SourceTitle "CBM 195 Extra"]
[Source "ChessBase"]
[SourceDate "2020.05.31"]
[SourceVersion "1"]
[SourceVersionDate "2020.05.31"]
[SourceQuality "1"]

1. Nf3 Nf6 2. g3 g6 3. b3 Bg7 4. Bb2 d5 5. c4 c6 6. Bg2 0-0 7. 0-0 Nbd7 8. d4 Re8 9. Nbd2 e5 10. Nxe5 Nxe5 11. dxe5 Ng4 12. cxd5 cxd5 13. Nf3 Nxe5 14. Nxe5 Bxe5 15. Bxe5 Rxe5 16. e3 Bf5 17. Qd4 Qd6 18. Rac1 b6 19. Rfd1 Rd8 20. Rd2 Qa3 21. Rcd1 Ree8 22. Qa1 Bg4 23. f3 Be6 24. e4 d4 25. Bf1 Rd6 26. Qb2 Qxb2 27. Rxb2 f6 28. Rc2 Re7 29. Kf2 Kf8 30. Bb5 Bd7 31. Bc4 Bc6 32. Rcd2 b5 33. Bd5 Bxd5 34. Rxd4 Bxb3 35. axb3 Rxd4 36. Rxd4 Rc7 37. Ke3 Ke7 38. f4 Rc2 39. Rd2 Rc6 40. Rd5 a6 41. Kd2 h5 42. h4 b4 43. Rd4 a5 44. Ke2 Rc3 45. Rd3 Rc5 46. Rd4 g5 47. Kd2 gxh4 48. gxh4 Rc3 49. Rd3 Rc5 1/2-1/2

[Event "Madrid-ch sf-B"]
[Site "Madrid"]
[Date "2015.03.28"]
[Round "9"]
[White "Largo Barbero, Benito"]
[Black "Moreno Torrero, Javier"]
[Result "0-1"]
[WhiteElo "1961"]
[BlackElo "1987"]
[PlyCount "96"]
[EventDate "2015.03.05"]
[EventType "swiss"]
[EventRounds "9"]
[EventCountry "ESP"]
[SourceTitle "CBM 165 Extra"]
[Source "ChessBase"]
[SourceDate "2015.04.21"]
[SourceVersion "1"]
[SourceVersionDate "2015.04.21"]
[SourceQuality "1"]

1. f4 d5 2. Nf3 g6 3. g3 Bg7 4. Bg2 Nf6 5. 0-0 c5 6. d3 Nc6 7. c3 0-0 8. Qe1 Re8 9. e4 dxe4 10. dxe4 e5 11. fxe5 Ng4 12. Nbd2 Ngxe5 13. Nxe5 Nxe5 14. Qf2 Qe7 15. Qe3 Bd7 16. Nf3 Nc4 17. Qe2 Bb5 18. Qf2 Nd6 19. Re1 Nxe4 20. Qc2 Bc6 21. Ng5 h6 22. Nxe4 f5 23. Bxh6 Bxh6 24. Nf2 Qxe1+ 25. Rxe1 Rxe1+ 26. Bf1 Rd8 27. Ng4 fxg4 28. Qxg6+ Bg7 29. Kf2 Re5 30. Bc4+ Bd5 31. Bxd5+ Rdxd5 32. Qxg4 Rd2+ 33. Kf3 Rxb2 34. Qc8+ Kh7 35. Qh3+ Kg6 36. Qg4+ Kf6 37. Qd7 Bf8 38. g4 Rxh2 39. Qxb7 Rh3+ 40. Kf2 Rxc3 41. Qxa7 Bd6 42. Qh7 Ree3 43. Qf5+ Ke7 44. Qh7+ Ke6 45. Qf5+ Ke7 46. Qh7+ Kd8 47. g5 Bg3+ 48. Kg2 Re2+ 0-1

[Event "Madrid-ch sf-B"]
[Site "Madrid"]
[Date "2015.03.27"]
[Round "8"]
[White "Garcia Serrano, Jose Manuel1"]
[Black "Moreno Torrero, Javier"]
[Result "0-1"]
[WhiteElo "1773"]
[BlackElo "1987"]
[PlyCount "86"]
[EventDate "2015.03.05"]
[EventType "swiss"]
[EventRounds "9"]
[EventCountry "ESP"]
[SourceTitle "CBM 165 Extra"]
[Source "ChessBase"]
[SourceDate "2015.04.21"]
[SourceVersion "1"]
[SourceVersionDate "2015.04.21"]
[SourceQuality "1"]

1. e4 c5 2. d4 cxd4 3. c3 dxc3 4. Nxc3 e6 5. Nf3 Nc6 6. Bc4 Bb4 7. 0-0 Nge7 8. Bg5 f6 9. Be3 0-0 10. a3 Bxc3 11. bxc3 d5 12. exd5 Nxd5 13. Bc5 Re8 14. Nd4 Ne5 15. Bb5 Nxc3 16. Qh5 g6 17. Qh3 Nxb5 18. Nxb5 Nf7 19. Qg3 e5 20. Qc3 Bd7 21. Rfd1 Qc8 22. Nd6 Nxd6 23. Rxd6 b6 24. Qd2 Be6 25. Be3 Rd8 26. Rc1 Qxc1+ 27. Qxc1 Rxd6 28. h3 Rc8 29. Qb2 Kf7 30. Qb4 Rd5 31. Qh4 h5 32. Qa4 Ra5 33. Qb4 f5 34. Bg5 Rcc5 35. Qd2 Rd5 36. Qb4 Rac5 37. Kh2 f4 38. Qe1 a5 39. f3 Rc2 40. Qh4 Rdd2 41. Be7 Rxg2+ 42. Kh1 Rh2+ 43. Kg1 Rcg2+ 0-1

[Event "Madrid-ch sf-B"]
[Site "Madrid"]
[Date "2015.03.21"]
[Round "7"]
[White "Moreno Torrero, Javier"]
[Black "Martin Rodriguez, Emilio"]
[Result "0-1"]
[WhiteElo "1987"]
[BlackElo "2091"]
[PlyCount "48"]
[EventDate "2015.03.05"]
[EventType "swiss"]
[EventRounds "9"]
[EventCountry "ESP"]
[SourceTitle "CBM 165 Extra"]
[Source "ChessBase"]
[SourceDate "2015.04.21"]
[SourceVersion "1"]
[SourceVersionDate "2015.04.21"]
[SourceQuality "1"]

1. d4 d5 2. c4 e6 3. Nf3 Nf6 4. Nc3 Be7 5. Bg5 h6 6. Bh4 0-0 7. e3 Ne4 8. Bxe7 Qxe7 9. cxd5 Nxc3 10. bxc3 exd5 11. Be2 Rd8 12. 0-0 Rd6 13. c4 dxc4 14. Bxc4 Bg4 15. h3 Bh5 16. g4 Bg6 17. Ne5 Nc6 18. f4 Rad8 19. Qf3 Nxe5 20. dxe5 Rc6 21. Rac1 Rd7 22. Rfd1 Rxd1+ 23. Qxd1 Qh4 24. Kg2 Be4+ 0-1

[Event "Madrid-ch Previa-B"]
[Site "Madrid"]
[Date "2014.03.08"]
[Round "3"]
[White "Moreno Torrero, Javier"]
[Black "Lopez Ziegler, Carlos"]
[Result "1-0"]
[WhiteElo "2036"]
[BlackElo "1944"]
[PlyCount "95"]
[EventDate "2014.03.06"]
[EventType "swiss"]
[EventRounds "9"]
[EventCountry "ESP"]
[SourceTitle "CBM 159 Extra"]
[Source "ChessBase"]
[SourceDate "2014.04.24"]
[SourceVersion "1"]
[SourceVersionDate "2014.04.24"]
[SourceQuality "1"]

1. e4 Nf6 2. e5 Nd5 3. d4 d6 4. c4 Nb6 5. f4 dxe5 6. fxe5 g6 7. Nc3 Bg7 8. Be3 0-0 9. Be2 Bf5 10. Nf3 c5 11. dxc5 N6d7 12. Qb3 Na6 13. Rd1 Qa5 14. 0-0 Naxc5 15. Qb5 Qxb5 16. Nxb5 a6 17. Nc7 Rac8 18. Nd5 Rfe8 19. Nd4 Nxe5 20. Nxf5 gxf5 21. Rxf5 Ncd7 22. Nc3 Nf8 23. b3 e6 24. Rg5 Nfg6 25. Ne4 f5 26. Nd6 f4 27. Bd4 Nf7 28. Nxe8 Bxd4+ 29. Rxd4 Nxg5 30. Nf6+ Kf7 31. Nh5 Rc7 32. Nxf4 e5 33. Nd5 exd4 34. Nxc7 Nf4 35. Kf2 Ne4+ 36. Kf3 d3 37. Bxd3 Nxd3 38. Kxe4 Nb4 39. a4 Kg6 40. Nd5 Nc6 41. b4 Nd8 42. Ke5 Nf7+ 43. Ke6 Ng5+ 44. Kd7 Kf5 45. Kc7 Ne4 46. c5 Ke5 47. Nb6 Nc3 48. Kxb7 1-0

[Event "Madrid-ch sf-B"]
[Site "Madrid"]
[Date "2012.03.22"]
[Round "1"]
[White "Rios Rebollo, Victor"]
[Black "Moreno Torrero, Javier"]
[Result "0-1"]
[WhiteElo "1842"]
[BlackElo "2045"]
[PlyCount "124"]
[EventDate "2012.03.22"]
[EventType "swiss"]
[EventRounds "9"]
[EventCountry "ESP"]
[SourceTitle "EXT 2013"]
[Source "ChessBase"]
[SourceDate "2012.11.22"]
[SourceVersion "1"]
[SourceVersionDate "2012.11.22"]
[SourceQuality "1"]

1. d4 Nf6 2. c4 g6 3. Nc3 d5 4. e3 Bg7 5. Qb3 c6 6. Nf3 0-0 7. Bd2 e6 8. Rc1 Nbd7 9. Bd3 dxc4 10. Bxc4 b5 11. Be2 a5 12. 0-0 Ba6 13. Rfe1 Qb8 14. Ng5 a4 15. Qd1 Rc8 16. Nce4 h6 17. Nxf6+ Nxf6 18. Nf3 Ne4 19. Bd3 Nxd2 20. Qxd2 Qd6 21. Rc5 g5 22. Rec1 Bb7 23. Qc2 Bf8 24. Qe2 Qd8 25. R5c2 b4 26. Ne5 c5 27. dxc5 Bd5 28. Bc4 Rxc5 29. Bxd5 Rxd5 30. Nf3 Bg7 31. h3 b3 32. axb3 axb3 33. Rc4 Kh7 34. e4 Rd7 35. e5 Ra5 36. Rb4 Rdd5 37. Rxb3 Bxe5 38. Nxe5 Rxe5 39. Qd3+ Qxd3 40. Rxd3 Re2 41. Rf3 Kg6 42. Rc7 Ra1+ 43. Kh2 f5 44. Rb7 Ree1 45. Rd3 f4 46. g4 Rh1+ 47. Kg2 Rag1+ 48. Kf3 Rxh3+ 49. Ke4 Rxd3 50. Kxd3 Rxg4 51. b4 Rg1 52. b5 Rf1 53. Ke2 Rb1 54. Kf3 Rb4 55. b6 h5 56. Rb8 g4+ 57. Kg2 h4 58. b7 h3+ 59. Kh2 Kg7 60. f3 Rb2+ 61. Kg1 g3 62. Kf1 h2 0-1

[Event "Galapagar op 10th"]
[Site "Galapagar"]
[Date "2009.07.25"]
[Round "8"]
[White "Camarero Izquierdo, Juan Carlos"]
[Black "Moreno Torrero, Javier"]
[Result "0-1"]
[WhiteElo "1950"]
[BlackElo "2060"]
[PlyCount "116"]
[EventDate "2009.07.18"]
[EventType "swiss"]
[EventRounds "9"]
[EventCountry "ESP"]
[SourceTitle "EXT 2010"]
[Source "ChessBase"]
[SourceDate "2010.11.25"]
[SourceVersion "1"]
[SourceVersionDate "2010.11.25"]
[SourceQuality "1"]

1. e4 c5 2. Nf3 e6 3. d4 cxd4 4. Nxd4 Nf6 5. Bd3 Nc6 6. Nxc6 bxc6 7. 0-0 d5 8. e5 Nd7 9. Re1 Qb6 10. Qg4 Ba6 11. Nd2 h5 12. Qg3 Bxd3 13. cxd3 h4 14. Qg4 Qb4 15. Qg5 g6 16. a3 Qd4 17. Qe3 Qxe3 18. Rxe3 Rb8 19. d4 c5 20. dxc5 Bxc5 21. Re2 h3 22. g3 Rh5 23. Nf3 Rb3 24. g4 Rh8 25. Nd2 Rd3 26. Nf1 Rd1 27. Rd2 Re1 28. b4 Rh4 29. Bb2 Rxg4+ 30. Kh1 Rxa1 31. Bxa1 Bb6 32. Ne3 Re4 33. Nc2 Nxe5 34. Bxe5 Rxe5 35. a4 a5 36. bxa5 Bxa5 37. Rd1 Re4 38. Nd4 Bb6 39. Nf3 Rxa4 40. Kg1 Ra3 41. Ne5 Ra2 42. Nd3 Bd4 43. Rf1 g5 44. Nc1 Ra1 45. Ne2 Rxf1+ 46. Kxf1 Be5 47. Kg1 Kd7 48. Nc1 Kc6 49. Nd3 Bd6 50. f3 e5 51. Kh1 e4 52. fxe4 dxe4 53. Nf2 e3 54. Nd3 Kd5 55. Kg1 Ke4 56. Ne1 Bb4 57. Nc2 Bc3 58. Kf1 Kd3 0-1

[Event "Galapagar op 10th"]
[Site "Galapagar"]
[Date "2009.07.20"]
[Round "3"]
[White "Castano, Henry Augusto"]
[Black "Moreno Torrero, Javier"]
[Result "1-0"]
[WhiteElo "2237"]
[BlackElo "2060"]
[PlyCount "103"]
[EventDate "2009.07.18"]
[EventType "swiss"]
[EventRounds "9"]
[EventCountry "ESP"]
[SourceTitle "EXT 2010"]
[Source "ChessBase"]
[SourceDate "2010.11.25"]
[SourceVersion "1"]
[SourceVersionDate "2010.11.25"]
[SourceQuality "1"]

1. e4 c5 2. Nf3 e6 3. d4 cxd4 4. Nxd4 Nf6 5. Nc3 Nc6 6. Ndb5 Bb4 7. a3 Bxc3+ 8. Nxc3 d5 9. exd5 exd5 10. Bd3 d4 11. Ne2 0-0 12. 0-0 Bg4 13. f3 Bh5 14. Bg5 Qd6 15. Qd2 Bg6 16. Rad1 Rfd8 17. Bxg6 hxg6 18. Kh1 Rd7 19. Nc1 Rad8 20. Rfe1 Qc5 21. Nd3 Qf5 22. Nf2 Rd5 23. Bxf6 Qxf6 24. f4 Rf5 25. g3 Rb5 26. Nd3 Qd6 27. Qe2 Rd5 28. Qe4 b5 29. Re2 a5 30. Red2 Kf8 31. Re2 Kg8 32. Rde1 b4 33. Qf3 bxa3 34. Re8+ Rxe8 35. Rxe8+ Kh7 36. bxa3 Qd7 37. Qe4 Rh5 38. Qe2 f6 39. Rf8 Ne7 40. Kg1 Nd5 41. Qe8 Qxe8 42. Rxe8 Ne3 43. Rc8 Rb5 44. h3 Rb1+ 45. Kf2 Ra1 46. Nc5 Nxc2 47. Ne6 d3 48. Nf8+ Kg8 49. Nxg6+ Kh7 50. f5 Kh6 51. g4 Kg5 52. Rh8 1-0

[Event "Madrid-ch sf B"]
[Site "Madrid"]
[Date "2005.01.15"]
[Round "2.1"]
[White "Estrada Martinez, Cesar"]
[Black "Moreno Torrero, Javier"]
[Result "1-0"]
[WhiteElo "2213"]
[BlackElo "2093"]
[PlyCount "27"]
[EventDate "2005.01.14"]
[EventType "swiss"]
[EventRounds "9"]
[EventCountry "ESP"]
[SourceTitle "EXT 2024"]
[Source "ChessBase"]
[SourceDate "2023.10.10"]
[SourceVersion "1"]
[SourceVersionDate "2023.10.10"]
[SourceQuality "1"]

1. Nf3 c5 2. c4 b6 3. d4 cxd4 4. Nxd4 Bb7 5. Nc3 Nf6 6. Bg5 Ne4 7. Nxe4 Bxe4 8. f3 Bb7 9. e4 f6 10. Be3 e6 11. a3 Be7 12. Be2 0-0 13. 0-0 d5 14. Nxe6 1-0

[Event "Madrid-ch sf-B"]
[Site "Madrid"]
[Date "2004.01.10"]
[Round "3.4"]
[White "De la Fuente Gonzalez, Francisco"]
[Black "Moreno Torrero, Javier"]
[Result "1-0"]
[WhiteElo "2250"]
[BlackElo "2095"]
[PlyCount "87"]
[EventDate "2004.01.08"]
[EventType "swiss"]
[EventRounds "9"]
[EventCountry "ESP"]
[SourceTitle "EXT 2005"]
[Source "ChessBase"]
[SourceDate "2004.11.15"]
[SourceVersion "1"]
[SourceVersionDate "2004.11.15"]
[SourceQuality "1"]

1. d4 Nf6 2. Nf3 g6 3. c4 Bg7 4. g3 0-0 5. Bg2 c5 6. Nc3 cxd4 7. Nxd4 d6 8. 0-0 Nbd7 9. b3 a6 10. Bb2 Qc7 11. Qd2 Nc5 12. Rac1 Bd7 13. Rfd1 Rac8 14. Nc2 b5 15. Nd5 Nxd5 16. Bxg7 Kxg7 17. cxd5 Qb6 18. Nd4 e5 19. dxe6 fxe6 20. b4 Na4 21. Nf3 Rxc1 22. Rxc1 e5 23. e3 Rc8 24. Rxc8 Bxc8 25. Ng5 Qd8 26. Nf3 Qc7 27. h4 Nb6 28. Ng5 h6 29. Ne4 Nc4 30. Qd1 Bb7 31. h5 g5 32. Qf3 Qf7 33. Qxf7+ Kxf7 34. Nxg5+ hxg5 35. Bxb7 Na3 36. Bxa6 Kf6 37. g4 d5 38. Kf1 d4 39. Ke2 dxe3 40. fxe3 Nc2 41. Bxb5 Nxb4 42. a4 Nd5 43. Kf3 Nc3 44. Bc6 1-0

[Event "Pablo Gorbea Memorial 7th"]
[Site "Madrid"]
[Date "2003.09.07"]
[Round "7"]
[White "Moreno Torrero, Javier"]
[Black "Barez Menendez, Hector"]
[Result "1/2-1/2"]
[WhiteElo "2085"]
[BlackElo "2252"]
[PlyCount "91"]
[EventDate "2003.09.01"]
[EventType "swiss"]
[EventRounds "9"]
[EventCountry "ESP"]
[SourceTitle "CBM 096 Extra"]
[Source "ChessBase"]
[SourceDate "2003.10.22"]
[SourceVersion "2"]
[SourceVersionDate "2003.10.20"]
[SourceQuality "1"]

1. e4 e5 2. Nf3 Nf6 3. Bc4 Nxe4 4. Nc3 Nc6 5. Nxe4 d5 6. Bb5 dxe4 7. Nxe5 Qg5 8. d4 Qxg2 9. Ke2 Bg4+ 10. Nxg4 Qxg4+ 11. Ke1 Qxd1+ 12. Kxd1 0-0-0 13. c3 Ne5 14. Be2 h5 15. Kc2 Ng6 16. Bc4 Rd7 17. Bd2 Bd6 18. Rae1 Re7 19. f3 exf3 20. Rxe7 Bxe7 21. Bxf7 Nh4 22. Be6+ Kb8 23. Rf1 Rf8 24. Kd3 Rf6 25. d5 Rg6 26. Bf7 Rb6 27. b4 g6 28. Be6 Rd6 29. Be1 Ng2 30. Bg3 g5 31. Rxf3 Rd8 32. Rf7 Bd6 33. Bxd6 cxd6 34. Ke4 Nf4 35. Rg7 Re8 36. Kf5 Nh3 37. c4 Rf8+ 38. Rf7 Rd8 39. c5 dxc5 40. bxc5 Nf4 41. c6 bxc6 42. dxc6 Nxe6 43. Kxe6 Rd2 44. Rb7+ Kc8 45. Rxa7 Rxh2 46. a4 1/2-1/2

[Event "Pablo Gorbea Memorial 7th"]
[Site "Madrid"]
[Date "2003.09.02"]
[Round "2"]
[White "Vazquez Igarza, Renier"]
[Black "Moreno Torrero, Javier"]
[Result "1-0"]
[WhiteElo "2451"]
[BlackElo "2085"]
[PlyCount "39"]
[EventDate "2003.09.01"]
[EventType "swiss"]
[EventRounds "9"]
[EventCountry "ESP"]
[SourceTitle "CBM 096 Extra"]
[Source "ChessBase"]
[SourceDate "2003.10.22"]
[SourceVersion "2"]
[SourceVersionDate "2003.10.20"]
[SourceQuality "1"]

1. e4 Nc6 2. Nf3 d5 3. exd5 Qxd5 4. Nc3 Qa5 5. g3 Bg4 6. h3 Bh5 7. Bg2 0-0-0 8. 0-0 f6 9. d3 Nd4 10. g4 Bf7 11. b4 Qxb4 12. Bd2 Qc5 13. Nxd4 Qxd4 14. Nb5 Qa4 15. Rb1 c6 16. c4 Qxd1 17. Nxa7+ Kb8 18. Nxc6+ Kc8 19. Na7+ Kc7 20. Rxb7+ 1-0